Sports Quiz

Random Sports or Italian Quiz

Serie A Clubs by Location Quiz Stats

 Plays Quiz not verified by Sporcle

Support Sporcle.
Go Orange.
Score 0/20 Timer 04:00
0 Plays Today
No. Club % Correct
5AC Milan
90.7%
4FC Internazionale
90%
1Juventus FC
89.4%
13AS Roma
88.6%
14SS Lazio
88.1%
19US Città di Palermo
80.6%
3Genoa CFC
79.6%
2UC Sampdoria
77.8%
12ACF Fiorentina
77.4%
20Cagliari Calcio
75.3%
No. Club % Correct
15SSC Napoli
75%
18Calcio Catania
72.4%
8Udinese Calcio
72.2%
7AC ChievoVerona
64.9%
16AS Bari
64.2%
10Bologna FC
61.9%
17US Lecce
59.7%
9Parma FC
51.7%
6Brescia Calcio
50.6%
11AC Cesena
35.7%

You're not logged in!

Compare scores with friends on all Sporcle quizzes.
OR
Log In

From the Vault

Movies Sharing Words

by sproutcm

Finally Hollywood has learned how to share.
Remove Ads.
Support Sporcle.
Get the best of Sporcle when you Go Orange. This ad-free experience offers more features, more stats, and more fun while also helping to support Sporcle. Thank you for becoming a member.

Show Comments

Extras

Top Quizzes Today


Score Distribution

Your Account Isn't Verified!

In order to create a playlist on Sporcle, you need to verify the email address you used during registration. Go to your Sporcle Settings to finish the process.

Report this User

Report this user for behavior that violates our Community Guidelines.

Details: